[Event "Gran Canaria op2"]
[Site "Gran Canaria"]
[Date "1989.??.??"]
[Round "?"]
[White "Illescas Cordoba, Miguel"]
[Black "Sarmiento, Braulio Alfonso"]
[Result "1-0"]
[WhiteElo "2525"]
[BlackElo "2280"]

1.Nf3 Nf6 2.c4 c5 3.Nc3 g6 4.e4 Nc6 5.d4 cxd4 6.Nxd4 Bg7 7.Nc2 O-O 8.Be2 d6
9.O-O Be6 10.f4 Na5 11.b3 Ng4 12.Bxg4 Bxc3 13.Rb1 Bxg4 14.Qxg4 b5 15.cxb5 Qb6+
16.Be3 Qxb5 17.Rbd1 Nc6 18.Bf2 Qb7 19.Ne3 Bg7 20.Qh4 Rfe8 21.f5 Bf6 22.Qh3 Rac8
23.Nd5 Be5 24.Be3 e6 25.fxe6 Rxe6 26.Bg5 Rce8 27.Bf6 Nb4 28.Qh6  1-0

[Event "EU-chT"]
[Site "Haifa"]
[Date "1989.??.??"]
[Round "9"]
[White "Hoelzl, Franz"]
[Black "Suba, Mihai"]
[Result "0-1"]
[WhiteElo "2360"]
[BlackElo "2500"]

1.c4 Nf6 2.Nc3 c5 3.Nf3 e6 4.e4 Nc6 5.d3 a6 6.Be2 d6 7.d4 cxd4 8.Nxd4 Bd7
9.Be3 Be7 10.O-O O-O 11.Nb3 b6 12.Nd2 Bc8 13.f4 Bb7 14.Bf2 Re8 15.Rc1 Nd7
16.a3 Rc8 17.b4 Bf8 18.Nb3 Ne7 19.Qd2 Nf6 20.Qe3 Ng6 21.Rfd1 Qe7 22.g3 Ba8
23.Nd2 Rb8 24.Bf3 Rec8 25.h4 Qe8 26.h5 Ne7 27.Qe2 a5 28.bxa5 bxa5 29.Nb5 Nc6
30.a4 e5 31.f5 Nd4 32.Qd3 Nxf5 33.Nb3 Nd4 34.N3xd4 exd4 35.Qxd4 Bxe4 36.Bxe4 Qxe4
37.h6 Qg6 38.hxg7 Bxg7 39.Nxd6 Rd8 40.c5 Ng4 41.Qd3 Qh5 42.Qf3 Rb2 43.Ne4 Re8
44.Nd2 Qh2+ 45.Kf1 Nxf2 46.Qxf2 Qh1+ 47.Qg1 Qd5 48.Nf3 Qxf3+  0-1

[Event "HUN-ch"]
[Site "?"]
[Date "1989.??.??"]
[Round "?"]
[White "Horvath, Jozsef"]
[Black "Tolnai, Tibor"]
[Result "1/2-1/2"]
[WhiteElo "2510"]
[BlackElo "2480"]

1.c4 c5 2.Nf3 Nf6 3.Nc3 g6 4.d4 cxd4 5.Nxd4 Bg7 6.g3 O-O 7.Bg2 Nc6 8.O-O Ng4
9.Nb3 b6 10.c5 Ba6 11.Bf4 Rc8 12.Rc1 Nge5  1/2-1/2

[Event "JUG-ch"]
[Site "?"]
[Date "1989.??.??"]
[Round "?"]
[White "Djuric, Stefan"]
[Black "Damljanovic, Branko"]
[Result "1-0"]
[WhiteElo "2475"]
[BlackElo "2530"]

1.Nf3 Nf6 2.c4 c5 3.Nc3 e6 4.e3 d6 5.d4 Nbd7 6.dxc5 Nxc5 7.b4 Ncd7 8.a3 a6
9.e4 Qc7 10.Bf4 b6 11.Rc1 Bb7 12.Bd3 Be7 13.O-O O-O 14.Qe2 Ng4 15.Rfd1 Nge5
16.Nxe5 Nxe5 17.Bxe5 dxe5 18.c5 Bc6 19.Bxa6 bxc5 20.b5 Qa5 21.bxc6 Rxa6 22.c7 Rd6
23.Nb5 Rxd1+ 24.Rxd1 Qa4 25.Rc1 h5 26.Qc4 Qa5 27.Rd1 h4 28.h3 Rc8 29.Qd3 Bg5
30.Qd7 Qa8 31.Nd6  1-0

[Event "Karvina op"]
[Site "Karvina"]
[Date "1989.??.??"]
[Round "8"]
[White "Gross, Stefan"]
[Black "Firt, Stanislav"]
[Result "1-0"]
[WhiteElo "2435"]
[BlackElo "2355"]

1.Nf3 Nf6 2.c4 c5 3.Nc3 e6 4.g3 b6 5.Bg2 Bb7 6.O-O Be7 7.b3 O-O 8.Bb2 a6
9.e3 d5 10.cxd5 Nxd5 11.d4 Bf6 12.Rc1 Nd7 13.Qe2 cxd4 14.Nxd5 exd5 15.Nxd4 Nc5
16.Rfd1 Qd7 17.Nf3 Bxb2 18.Qxb2 Rfe8 19.Ne1 Qf5 20.Qd4 a5 21.Nd3 Nxd3 22.Qxd3 Qxd3
23.Rxd3 Kf8 24.Bxd5 Rad8 25.Rcd1 Ba6 26.R3d2 Ke7 27.h4 Rd6 28.Be4 Rxd2 29.Rxd2 h6
30.Kg2 g5 31.hxg5 hxg5 32.Kf3 Rc8 33.Kg4 Rc5 34.Bf5 f6 35.f3 Bb5 36.Rh2 Rc3
37.Rh7+ Kd6 38.Rf7 Rxe3 39.Rxf6+ Kc5 40.Be4 Re2 41.Rf5+  1-0

[Event "Karvina op"]
[Site "Karvina"]
[Date "1989.??.??"]
[Round "9"]
[White "Gross, Stefan"]
[Black "Belik, Dalibor"]
[Result "1-0"]
[WhiteElo "2435"]
[BlackElo "2260"]

1.Nf3 Nf6 2.c4 c5 3.Nc3 g6 4.d4 cxd4 5.Nxd4 Nc6 6.g3 Bg7 7.Bg2 O-O 8.O-O Ng4
9.e3 Nge5 10.b3 d6 11.Bb2 Bg4 12.f3 Bd7 13.Qd2 Rb8 14.Rfd1 Re8 15.Ne4 Qc8
16.f4 Ng4 17.h3 Nh6 18.Kh2 Nf5 19.Rac1 b6 20.Bc3 Rd8 21.Nf3 Bxc3 22.Qxc3 Ng7
23.Nfg5 Be8 24.Nf2 Qa6 25.Ng4 e5 26.Nf6+  1-0

[Event "Kehl BM"]
[Site "Kehl"]
[Date "1989.??.??"]
[Round "6"]
[White "Schuh, Hubert"]
[Black "Kurz, Eugen"]
[Result "1/2-1/2"]
[WhiteElo "2360"]
[BlackElo "2230"]

1.Nf3 Nf6 2.c4 c5 3.Nc3 e6 4.g3 d5 5.cxd5 exd5 6.d4 Nc6 7.Bg2 Bg4 8.Bg5 Be7
9.dxc5 d4 10.Bxf6 Bxf6 11.Ne4 Be7 12.O-O O-O 13.h3 Bf5 14.Nfd2 Qd7 15.Kh2 Be6
16.Qa4 f5 17.Nd6 Bxd6 18.cxd6 Qxd6 19.Rac1 Bd5 20.Bxd5+ Qxd5 21.Qb3 Qxb3
22.Nxb3 Rfe8 23.Rfe1 Re7 24.Rcd1 Rd8 25.Kg2 a5 26.Rd2 Rd5 27.Red1 Rb5 28.Kf1 Kf7
29.Nxd4 Nxd4 30.Rxd4 Rxb2 31.R1d2 Rxd2 32.Rxd2 Ke6 33.Rb2 Kd5 34.Rb5+ Kc4
35.Rxa5 b5 36.Ra3 Rd7 37.Ke1 b4 38.Rb3 g5 39.Rb1 Kc3 40.Rb3+ Kc4  1/2-1/2

[Event "Las Palmas op"]
[Site "Las Palmas"]
[Date "1989.??.??"]
[Round "?"]
[White "Illescas Cordoba, Miguel"]
[Black "Kudrin, Sergey"]
[Result "1/2-1/2"]
[WhiteElo "2525"]
[BlackElo "2550"]

1.Nf3 Nf6 2.c4 c5 3.Nc3 b6 4.e4 d6 5.d4 cxd4 6.Nxd4 Bb7 7.Qe2 e6 8.g3 Be7
9.Bg2 a6 10.b3 O-O 11.O-O Qc7 12.Bb2 Re8 13.Rad1 Nbd7 14.f4 Rac8 15.Kh1 Bf8
16.Nf3 Rcd8 17.Rfe1  1/2-1/2

[Event "Leningrad-chT"]
[Site "Leningrad"]
[Date "1989.??.??"]
[Round "?"]
[White "Serper, Grigory"]
[Black "Chuchelov, Vladimir"]
[Result "1-0"]
[WhiteElo "2420"]
[BlackElo "2315"]

1.c4 Nf6 2.Nc3 c5 3.Nf3 e6 4.g3 b6 5.Bg2 Bb7 6.O-O Be7 7.d4 cxd4 8.Qxd4 d6
9.Bg5 a6 10.Bxf6 Bxf6 11.Qd3 Ra7 12.Rfd1 Bxf3 13.exf3 Rd7 14.f4 O-O 15.Rac1 g6
16.h4 Qc7 17.b3 Rc8 18.Ne4 Bg7 19.Qe3 Qd8 20.Ng5 Qc7 21.h5 Qc5 22.hxg6 hxg6
23.Qe2 Qa3 24.Bh3 Re7 25.Rc2 Nc6 26.Rcd2 Rd8 27.Qe3 Qb4 28.a3 Qc5 29.Qxc5 bxc5
30.Rxd6 Rc8 31.Nxe6 fxe6 32.Bxe6+ Rxe6 33.Rxe6 Kf7 34.Rdd6 Ne7 35.Rxa6 Rb8
36.Reb6 Rd8 37.Rd6 Rb8 38.Rab6 Ra8 39.a4 Bc3 40.Rd7 Ke8 41.Rbb7 Nf5 42.Kg2 Kf8
43.Kf3 Re8 44.Kg4 Ne7 45.Rdc7 Bd4 46.a5  1-0

[Event "Leon"]
[Site "Leon"]
[Date "1989.??.??"]
[Round "?"]
[White "Rivas Pastor, Manuel"]
[Black "Illescas Cordoba, Miguel"]
[Result "1/2-1/2"]
[WhiteElo "2505"]
[BlackElo "2525"]

1.c4 c5 2.Nc3 e6 3.Nf3 Nf6 4.d4 cxd4 5.Nxd4 a6 6.Bg5 Be7 7.e3 O-O 8.Be2 Qc7
9.O-O d6 10.Rc1 Nc6 11.Bxf6 Bxf6 12.Nd5 exd5 13.cxd5 Bxd4 14.exd4 Qb6 15.dxc6 bxc6
16.Qc2 Be6 17.b3 Qxd4 18.Qxc6 a5 19.Rfd1 Qe5 20.Ba6 Qb2 21.Bb7 Rab8 22.Rc2 Qa3
23.Ba6 d5 24.Qc5 Qb4 25.f3 a4 26.Qxb4 Rxb4 27.bxa4 Rxa4 28.Bb5 Ra3 29.Rd4 Rfa8
30.Rdd2 d4 31.Rxd4 Rxa2  1/2-1/2

[Event "Leon"]
[Site "Leon"]
[Date "1989.??.??"]
[Round "?"]
[White "Polgar, Zsuzsa"]
[Black "De la Villa Garcia, Jesus Maria"]
[Result "1/2-1/2"]
[WhiteElo "2510"]
[BlackElo "2430"]

1.Nf3 Nf6 2.c4 c5 3.Nc3 d5 4.cxd5 Nxd5 5.e4 Nc7 6.d4 cxd4 7.Qxd4 Qxd4 8.Nxd4 e5
9.Ndb5 Nxb5 10.Bxb5+ Bd7 11.Bxd7+ Nxd7 12.Ke2 Bc5 13.Be3 Rc8 14.Rac1 Ke7
15.Nd5+ Ke6 16.Rhd1 Bxe3 17.Nxe3 g6 18.f3 h5 19.h4 f5 20.Nd5 Rhd8 21.Ke3 f4+
22.Ke2 Nb6 23.Nxb6 axb6 24.a4 Rxd1 25.Kxd1 Rxc1+ 26.Kxc1 Kf6 27.Kd2  1/2-1/2

[Event "Lillafured"]
[Site "Lillafured"]
[Date "1989.??.??"]
[Round "?"]
[White "Lukacs, Peter"]
[Black "Polgar, Zsuzsa"]
[Result "1/2-1/2"]
[WhiteElo "2465"]
[BlackElo "2510"]

1.c4 c5 2.Nc3 Nf6 3.Nf3 d5 4.cxd5 Nxd5 5.d4 e6 6.e3 Nc6 7.Bd3 Be7 8.O-O O-O
9.a3 cxd4 10.exd4 Bf6 11.Be4 Nc7 12.Qd3 g6 13.Bh6 Bg7 14.Bxg7 Kxg7 15.Rfe1  1/2-1/2

[Event "Vidmar mem"]
[Site "Ljublana Portoroz"]
[Date "1989.??.??"]
[Round "?"]
[White "Damljanovic, Branko"]
[Black "Grosar, Aljosa"]
[Result "1-0"]
[WhiteElo "2530"]
[BlackElo "2365"]

1.Nf3 Nf6 2.c4 c5 3.Nc3 d5 4.cxd5 Nxd5 5.d4 cxd4 6.Qxd4 Nxc3 7.Qxc3 Nc6 8.e4 e6
9.Bb5 Bd7 10.O-O Qb6 11.a4 Qc5 12.Qd3 Qd6 13.Qe2 Be7 14.Bd2 a6 15.e5 Qc7
16.Bd3 Nb4 17.Rfc1 Bc6 18.Bxb4 Bxb4 19.Nd4 Qb6 20.Nxc6 bxc6 21.Qe4 Rc8 22.Bxa6 Rc7
23.Bd3 g6 24.a5 Qb8 25.Rxc6 Rxc6 26.Qxc6+ Ke7 27.a6 Qa7 28.Qe4 Rb8 29.Qh4+ Kf8
30.Qxh7 Bc5 31.Qh8+ Ke7 32.Qf6+ Kf8 33.Rd1 Rxb2 34.Bxg6 Bxf2+ 35.Kh1 Bd4
36.Rxd4 Rb1+ 37.Bxb1 Qxd4 38.Qf1  1-0

[Event "Vidmar mem"]
[Site "Ljublana Portoroz"]
[Date "1989.??.??"]
[Round "?"]
[White "Bischoff, Klaus"]
[Black "Podlesnik, Bogdan"]
[Result "1/2-1/2"]
[WhiteElo "2505"]
[BlackElo "2415"]

1.c4 c5 2.Nf3 Nf6 3.Nc3 e6 4.e3 b6 5.d4 cxd4 6.exd4 Bb7 7.a3 d5 8.Bg5 Be7
9.Bxf6 Bxf6 10.cxd5 O-O 11.Bd3 exd5 12.O-O Nc6 13.Re1 g6 14.Bb1 Qd6 15.Ba2 Na5
16.Ne5 Nc4 17.Nb5 Qd8 18.Qf3 Nd2 19.Qh3 a6 20.Nc3 Bg7 21.Qd7 Qxd7 22.Nxd7 Rfd8
23.Nxb6 Rab8 24.Rad1 Bxd4 25.Rxd2 Bxb6 26.Bxd5 a5 27.Red1 Ba6 28.g3 Kg7 29.Kg2 Bc7
30.Bf3 Rxd2 31.Rxd2 Bc4 32.Bd5 Rd8 33.Rd1 Ba6 34.Ba2 Bb7+ 35.Kf1 Rxd1+ 36.Nxd1 Be5
37.Bc4 g5 38.Ke2 f5 39.b4 axb4 40.axb4 f4 41.b5 h5 42.Be6  1/2-1/2

[Event "Lugano op"]
[Site "Lugano"]
[Date "1989.??.??"]
[Round "1"]
[White "Prie, Eric"]
[Black "Sax, Gyula"]
[Result "0-1"]
[WhiteElo "2335"]
[BlackElo "2610"]

1.Nf3 Nf6 2.c4 c5 3.Nc3 d5 4.cxd5 Nxd5 5.g3 Nc6 6.Bg2 Nc7 7.O-O e5 8.b3 Be7
9.Bb2 O-O 10.Rc1 f6 11.d3 Be6 12.e3 Qe8 13.Qe2 Rd8 14.Rfd1 Bg4 15.h3 Bh5
16.g4 Bf7 17.Ne4 Nb4 18.a3 Nba6 19.Ned2 Qb5 20.Bf1 Ne6 21.Nh4 Rfe8 22.Qf3 Ng5
23.Qg3 Qd7 24.Nf5 Be6 25.Nxe7+ Qxe7 26.Re1 Nf7 27.Rb1 Qd7 28.Ba1 Nd6 29.Nc4 Nf7
30.Red1 Bd5 31.Be2 Nc7 32.b4 cxb4 33.axb4 Ne6 34.b5 Nfg5 35.h4 Nf4 36.exf4 exf4
37.Qh3 Bf3 38.Bf1 Qxg4+ 39.Bg2 Bxd1 40.hxg5 Re1+  0-1

[Event "Lugano op"]
[Site "Lugano"]
[Date "1989.??.??"]
[Round "2"]
[White "Fioramonti, Hung"]
[Black "Paust, Wolf Dieter"]
[Result "1-0"]
[WhiteElo "2305"]
[BlackElo "2220"]

1.Nf3 Nf6 2.c4 c5 3.Nc3 b6 4.g3 Bb7 5.Bg2 g6 6.b3 Bg7 7.Bb2 O-O 8.O-O d6
9.d3 e6 10.a3 Qe7 11.b4 d5 12.cxd5 exd5 13.bxc5 bxc5 14.a4 Nbd7 15.Rb1 Rab8
16.Ba3 Rfe8 17.Re1 Ne5 18.d4 Neg4 19.e3 Ne4 20.Nxe4 dxe4 21.Nd2 Qg5 22.h3 Nxf2
23.Kxf2 cxd4 24.Nf1 d3 25.Rb5 Qf6+ 26.Kg1 a6 27.Rb1 Bc6 28.Nd2 Qe5 29.Rc1 Bd5
30.g4 f5 31.gxf5 gxf5 32.Qh5 f4 33.Qxe5 Bxe5 34.exf4 Bxf4 35.Rcd1 Bb3 36.Nxb3 Rxb3
37.Bc5 d2 38.Rxe4 Rxe4 39.Bxe4 Be3+  1-0

[Event "Lugano op"]
[Site "Lugano"]
[Date "1989.??.??"]
[Round "4"]
[White "Hoffmann, Hans"]
[Black "Grooten, Herman"]
[Result "0-1"]
[WhiteElo "2300"]
[BlackElo "2340"]

1.c4 c5 2.Nf3 Nf6 3.Nc3 b6 4.g3 Bb7 5.Bg2 g6 6.O-O Bg7 7.d3 O-O 8.e4 d6 9.Rb1 Nc6
10.a3 Nd7 11.Be3 Nd4 12.Bxd4 cxd4 13.Nb5 e5 14.Nxd6 Bc6 15.b4 Qe7 16.Nb5 Bxb5
17.cxb5 Bh6 18.Nd2 Bxd2 19.Qxd2 Rfc8 20.Rfc1 Qe6 21.Qb2 Nf6 22.Bf3 Kg7 23.Kg2 h5
24.Bd1 Qd7 25.a4 h4 26.Rxc8 Rxc8 27.Rc1 hxg3 28.fxg3 Ne8 29.Rxc8 Qxc8 30.Kf1 Nd6
31.Qc2 Qh3+ 32.Ke1 Ne8 33.Qd2 Nf6 34.Bf3 Nh7 35.Bd1 f5 36.exf5 gxf5 37.Qc2 Kg6
38.Qc7 Qxh2 39.Qxe5 Qg1+ 40.Kd2 Qf2+ 41.Qe2 Qxe2+ 42.Bxe2 Kg5 43.Kc2 Nf6
44.Kb3 Nh5 45.Kc4 Nxg3 46.Bd1 Kf4 47.Kxd4 Nf1 48.Bh5 Ne3 49.Bg6 Nc2+ 50.Kc3 Ne3
51.Kd4 Nc2+ 52.Kc3 Ne1 53.Kd4 Kg5 54.Bh7 Kf6 55.Kd5 Nxd3 56.Kc6 Ke5 57.Kb7 Nxb4
58.Kxa7 f4 59.Bg8 f3 60.Bc4 Kd4 61.Bf1 Kc5 62.Kb7 Nd5 63.Bd3 f2 64.Bf1 Kb4
65.Kc6 Ne3 66.Kxb6 Nxf1 67.Ka7 Nd2 68.b6 f1=Q 69.b7 Qf7 70.Ka6 Qc7  0-1

[Event "Lugano op"]
[Site "Lugano"]
[Date "1989.??.??"]
[Round "4"]
[White "Hort, Vlastimil"]
[Black "Gavrikov, Viktor"]
[Result "1/2-1/2"]
[WhiteElo "2580"]
[BlackElo "2535"]

1.c4 Nf6 2.Nf3 c5 3.Nc3 e6 4.g3 b6 5.Bg2 Bb7 6.O-O a6 7.b3 d6 8.Bb2 Be7 9.e3 Nbd7
10.Qe2 O-O 11.Rfd1 Qc7 12.Rac1 Ne4 13.Nb1 b5 14.d3 Nef6 15.Nbd2 Qa5 16.a3 Rfc8
17.d4 b4 18.axb4 Qxb4 19.Bc3 Qb6 20.Ra1 Ne4 21.Ba5 Qa7 22.Qd3 Nxd2 23.Rxd2 Nf6
24.Rda2 Be4 25.Qf1 d5 26.Bc3 Qb7 27.Nd2 Bxg2 28.Qxg2 Ne4 29.Nxe4  1/2-1/2

[Event "Lugano op"]
[Site "Lugano"]
[Date "1989.??.??"]
[Round "4"]
[White "Timmer, Robert"]
[Black "Milosevic, Goran"]
[Result "1/2-1/2"]
[WhiteElo "2270"]
[BlackElo "2330"]

1.c4 c5 2.Nf3 Nf6 3.Nc3 e6 4.g3 b6 5.Bg2 Bb7 6.O-O a6 7.d4 cxd4 8.Qxd4 Qc7
9.Be3 Bc5 10.Qf4 Qxf4 11.Bxf4 Bc6 12.Ng5 O-O 13.Nge4 Nxe4 14.Nxe4 Be7 15.Bd6 Bxd6
16.Nxd6 Ra7 17.Rfd1 Bxg2 18.Kxg2 Nc6 19.Rd2 Rb8 20.Rc1 Kf8 21.f4 Ke7 22.Kf3 Rc7
23.Rcd1 b5 24.e4 bxc4 25.Nxc4 Nb4 26.b3 Nc6 27.h4 a5 28.Ne5 Nxe5+ 29.fxe5 Rb5
30.Kf4 a4 31.bxa4 Rb4 32.Rd4 Rxd4 33.Rxd4 Rc3 34.a5 Ra3 35.a6 f6 36.exf6+ gxf6
37.Rb4 Rxa2 38.Rb6 Ra3 39.h5 h6 40.Kg4 e5 41.Rb8 Rxa6 42.Rh8 Ke6 43.Rxh6 Ra4
44.Kf3 Ra3+ 45.Kf2 Ra2+ 46.Kf3 Ra3+ 47.Kf2 Ra2+  1/2-1/2

[Event "Lugano op"]
[Site "Lugano"]
[Date "1989.??.??"]
[Round "6"]
[White "Renet, Olivier"]
[Black "Kovacevic, Sinisa"]
[Result "0-1"]
[WhiteElo "2480"]
[BlackElo "2450"]

1.c4 c5 2.Nf3 Nf6 3.Nc3 b6 4.e4 d6 5.d4 cxd4 6.Nxd4 Bb7 7.Qc2 e6 8.g4 h6
9.Bg2 Be7 10.Be3 Nc6 11.O-O-O a6 12.h4 Nd7 13.f4 Qc7 14.Nxc6 Qxc6 15.Kb1 O-O-O
16.g5 hxg5 17.hxg5 Kb8 18.Bd4 Rxh1 19.Rxh1 Bf8 20.Rh7 e5 21.Be3 exf4 22.Bxf4 Ne5
23.Bf1 Rc8 24.Rh3 Re8 25.Nd5 Nd7 26.Rb3 Be7 27.Bh3 Bd8 28.Bxd7 Qxd7 29.Nxb6 Bxb6
30.Rxb6 Qh3 31.Rxd6 Ka8 32.e5  0-1

[Event "Marseille"]
[Site "Marseille"]
[Date "1989.??.??"]
[Round "?"]
[White "Spraggett, Kevin"]
[Black "Koch, Jean Rene"]
[Result "1-0"]
[WhiteElo "2575"]
[BlackElo "2390"]

1.c4 c5 2.Nf3 Nf6 3.Nc3 b6 4.e4 d6 5.d4 cxd4 6.Nxd4 Bb7 7.Qe2 e6 8.g4 h6
9.Bg2 Nc6 10.Nxc6 Bxc6 11.O-O Qc8 12.b3 Be7 13.f4 Nd7 14.Bb2 O-O 15.Rac1 Re8
16.Kh1 a6 17.Qd2 Bf8 18.h4 Qb7 19.g5 hxg5 20.hxg5 b5 21.Rfe1 bxc4 22.bxc4 Nb6
23.Qd3 Nxc4 24.Ba1 Nb6 25.Rb1 Qc7 26.Rbc1 Qb7 27.Re3 g6 28.Rh3 e5 29.Qg3 Bg7
30.Qh4 Rac8 31.Rg1 Qd7 32.f5 gxf5 33.Qh7+ Kf8 34.exf5 Ke7 35.f6+ Bxf6 36.gxf6+ Kd8
37.Bxc6 Qxc6+ 38.Kh2 Rc7 39.Rg8 Kc8 40.Rxe8+ Qxe8 41.Qd3 Qc6 42.Qxa6+ Kd7
43.Qe2 Qc4 44.Qf2 Rc5 45.Rh7 Kc7 46.a4 Nxa4 47.Rh4 e4 48.Nxe4 Qc2 49.Qxc2 Rxc2+
50.Kg3 Rc4 51.Ng5 Rxh4 52.Kxh4 Nc5 53.Nxf7 Kd7 54.Ng5 Ke8 55.Kh5 Nd7 56.f7+ Ke7
57.Bg7 d5 58.Kg6  1-0

[Event "Marseille"]
[Site "Marseille"]
[Date "1989.??.??"]
[Round "?"]
[White "Tal, Mihail"]
[Black "Dorfman, Itzhak"]
[Result "1/2-1/2"]
[WhiteElo "2610"]
[BlackElo "2565"]

1.Nf3 Nf6 2.c4 e6 3.Nc3 c5 4.e4 Nc6 5.Be2 d5 6.exd5 exd5 7.d4 Be6 8.cxd5 Nxd5
9.O-O Be7 10.Nxd5 Qxd5 11.Be3 cxd4 12.Nxd4 Nxd4 13.Qxd4 Qxd4 14.Bxd4 O-O
15.Bf3 Rfd8 16.Rfd1 Bd5 17.Bxd5 Rxd5 18.Be3 Rxd1+ 19.Rxd1 a6 20.Kf1 Rd8 21.Rxd8+  1/2-1/2

[Event "Mendrisio op"]
[Site "Mendrisio"]
[Date "1989.??.??"]
[Round "8"]
[White "Passerotti, Pierluigi"]
[Black "Filipovic, Branko"]
[Result "1/2-1/2"]
[WhiteElo "2340"]
[BlackElo "2450"]

1.Nf3 Nf6 2.c4 c5 3.Nc3 g6 4.d4 cxd4 5.Nxd4 Bg7 6.e4 Nc6 7.Be3 Ng4 8.Qxg4 Nxd4
9.Qd1 Ne6 10.Qd2 b6 11.Bd3 Bb7 12.O-O Nc5 13.Bc2 d6 14.Rae1 O-O 15.Bg5 Ne6
16.Bh4 Rc8 17.Nd5 f6 18.f4 Nc7 19.Nc3 Bh6 20.Qd3 Qd7 21.Ba4 Bc6 22.Bxc6 Qxc6
23.b3 a6 24.Nd5 Nxd5 25.exd5 Qd7 26.Qe3 b5 27.cxb5 axb5 28.Qxe7 Qxe7 29.Rxe7 Rc5
30.Re6 Rxd5 31.Rxf6 Re8 32.f5 Be3+ 33.Kh1 g5 34.Bg3 Bc5 35.a4 Kg7 36.Re6 Rxf5
37.Rxf5 Rxe6 38.Rxg5+ Kh6 39.Rd5 bxa4 40.bxa4 Re4 41.h3 Rxa4 42.Bxd6 Bxd6
43.Rxd6+ Kg7  1/2-1/2

[Event "Montpellier-A"]
[Site "Montpellier"]
[Date "1989.??.??"]
[Round "?"]
[White "Vaisman, Volodia"]
[Black "Pira, Davoud"]
[Result "1-0"]
[WhiteElo "2370"]
[BlackElo "2330"]

1.Nf3 c5 2.c4 Nf6 3.Nc3 e6 4.g3 b6 5.Bg2 Bb7 6.O-O a6 7.d4 cxd4 8.Qxd4 d6
9.b3 Nbd7 10.Ng5 Bxg2 11.Kxg2 Qc7 12.Rd1 Be7 13.Nge4 O-O 14.Bb2 Rfd8 15.Rac1 Qb7
16.f3 Nc5 17.Nxc5 dxc5 18.Qf4 h6 19.Rxd8+ Rxd8 20.Rd1 Rxd1 21.Nxd1 b5 22.Qd2 bxc4
23.bxc4 Qb4 24.Qc3 Ne8 25.Kf2 f5 26.Qxb4 cxb4 27.Bd4 Kf7 28.Nb2 Bf6 29.Ke3 Nd6
30.Bxf6 Kxf6 31.Kd4 Nb7 32.Nd3 a5 33.c5 Nd8 34.Ne5 Ke7 35.Kc4 Nb7 36.Kb5 Kd8
37.Nc6+ Kc7 38.Nxa5 Nd8 39.Kxb4 e5 40.Kc4 e4 41.fxe4 fxe4 42.Kd5 e3 43.Nc4 Nc6
44.a3 Ne7+ 45.Ke6 Nc6 46.Nxe3 Nd4+ 47.Kf7  1-0

[Event "URS-ch sf"]
[Site "Moscow"]
[Date "1989.??.??"]
[Round "?"]
[White "Dragomarezkij, Evgeni"]
[Black "Baikov, Vladimir A"]
[Result "1/2-1/2"]
[WhiteElo "2325"]
[BlackElo "2345"]

1.c4 Nf6 2.Nc3 c5 3.Nf3 d5 4.cxd5 Nxd5 5.b3 Nxc3 6.dxc3 Qxd1+ 7.Kxd1 Bf5
8.Nd2 Nd7 9.e4 Bg6 10.Be2 O-O-O 11.Kc2 e6 12.f3 Bd6 13.Nc4 Bc7 14.Be3 f5
15.exf5 exf5 16.Bg5 f4+ 17.Kb2 Rde8 18.Rae1 Ne5 19.Nxe5 Rxe5 20.Bh4 Rh5 21.Bf2 Rd8
22.Rd1 Rxd1 23.Bxd1 Rd5 24.Kc1 Ba5 25.Be1 Rg5 26.g4 fxg3  1/2-1/2

[Event "URS-ch sf"]
[Site "Moscow"]
[Date "1989.??.??"]
[Round "?"]
[White "Krasenkow, Michal"]
[Black "Kozlov, V."]
[Result "1/2-1/2"]
[WhiteElo "2525"]
[BlackElo "2380"]

1.Nf3 Nf6 2.c4 c5 3.Nc3 d5 4.cxd5 Nxd5 5.g3 Nxc3 6.bxc3 g6 7.Qa4+ Nd7 8.Bg2 Bg7
9.d4 O-O 10.O-O a6 11.Qa3 Qc7 12.Rd1 e5 13.Be3 c4 14.Rab1 Re8 15.dxe5 Nxe5
16.Bf4 Bf5 17.Nxe5 Bxb1 18.Rd7 Qb6 19.Bd5 Bf8 20.Nxf7 Be4 21.Nh6+ Kh8 22.Nf7+ Kg8
23.Nh6+ Kh8 24.Nf7+ Kg8  1/2-1/2

[Event "Moscow1"]
[Site "Moscow"]
[Date "1989.??.??"]
[Round "?"]
[White "Khenkin, Igor"]
[Black "Neverov, Valeriy"]
[Result "1-0"]
[WhiteElo "2415"]
[BlackElo "2430"]

1.Nf3 Nf6 2.c4 c5 3.Nc3 g6 4.d4 cxd4 5.Nxd4 Nc6 6.e4 Nxd4 7.Qxd4 d6 8.Be2 Bg7
9.O-O O-O 10.Qe3 Be6 11.Bd2 Ng4 12.Qg3 Ne5 13.b3 Nc6 14.h4 Rc8 15.f4 Nd4
16.f5 Nxe2+ 17.Nxe2 Bxa1 18.Rxa1 Bd7 19.h5 Qb6+ 20.Be3 Qa5 21.hxg6 fxg6 22.fxg6 h6
23.c5 Rf6 24.e5 dxe5 25.Qxe5 Qc7 26.Qh5 e5 27.Bg5 Re6 28.Qxh6 Be8 29.Rf1 Bxg6
30.Qh3 Rce8 31.Nc3 Qxc5+ 32.Kh2 Qc7 33.Nd5 Qh7 34.Bh6 e4 35.Nf6+ Rxf6 36.Rxf6 e3
37.Qe6+ Bf7 38.Qxe8+  1-0

[Event "Moscow-A"]
[Site "Moscow"]
[Date "1989.??.??"]
[Round "?"]
[White "Belov, Igor"]
[Black "Fishbein, Alexander"]
[Result "1/2-1/2"]
[WhiteElo "2425"]
[BlackElo "2490"]

1.Nf3 c5 2.c4 Nf6 3.Nc3 b6 4.e4 d6 5.d4 cxd4 6.Nxd4 Bb7 7.f3 e6 8.Be2 Nbd7
9.O-O Be7 10.Be3 O-O 11.a4 Nc5 12.b4 Ncd7 13.Nb3 d5 14.exd5 exd5 15.c5 a5
16.Bb5 axb4 17.c6 bxc3 18.cxb7 Rb8 19.Rc1 Rxb7 20.Rxc3 Bd6 21.Kh1 Rc7 22.Qc2 Rxc3
23.Qxc3 Qb8 24.Bg1 Rc8 25.Qd2 Bf4 26.Qb4 Qd6 27.Qxd6 Bxd6 28.Bxd7 Nxd7 29.Rd1 Bc5  1/2-1/2

[Event "URS-ch sf"]
[Site "Moscow"]
[Date "1989.??.??"]
[Round "?"]
[White "Yuferov, Sergey  N"]
[Black "Arbakov, Valentin"]
[Result "0-1"]
[WhiteElo "2445"]
[BlackElo "2400"]

1.Nf3 Nf6 2.c4 c5 3.Nc3 e6 4.g3 b6 5.Bg2 Bb7 6.O-O d6 7.Re1 a6 8.e4 e5 9.b4 cxb4
10.Nd5 Nbd7 11.Rb1 Rc8 12.d3 a5 13.Nxf6+ Nxf6 14.a3 bxa3 15.Be3 Nd7 16.Bh3 Be7
17.Qb3 Bc6 18.Bxb6 Nxb6 19.Qxb6 Qxb6 20.Rxb6 Bd8 21.Ra6 Rb8 22.Ra1 Bd7 23.Bxd7+ Kxd7
24.c5 Bc7 25.c6+ Ke7 26.Rxa3 Ra8 27.Rxa8 Rxa8 28.d4 d5 29.exd5 e4 30.Nd2 Kd6
31.Rc3 Kxd5 32.Rc5+ Kxd4 33.Nb3+ Kd3 34.Nc1+ Kd2 35.Nb3+ Ke1 36.Rc1+ Ke2
37.Nd4+ Kd2 38.Nb3+ Kd3 39.Nc5+ Kd4 40.Nb3+ Kd5 41.Rc5+ Kd6 42.Rc2 a4 43.Nd2 Kd5
44.Nb1 Be5 45.c7 Rc8 46.Nc3+ Kd4 47.Nb5+ Kd5 48.Nc3+ Ke6 49.Nxa4 Rxc7 50.Rxc7 Bxc7
51.Nc3 Ke5 52.Kf1 Ba5 53.Ne2 f5 54.h4 Bd2 55.Kg2 f4 56.gxf4+ Bxf4 57.Kh3 h5
58.Kg2 Kf5 59.f3 e3 60.Nd4+ Ke5 61.Ne2 Bh6 62.Kg3 g6 63.Kg2 Bf8 64.Kg3 Bb4
65.Nc1 Be1+ 66.Kh3 Kd4 67.Ne2+ Kd3 68.Nf4+ Kd2 69.Nxg6 Bg3 70.Kxg3 e2 71.Kf4 e1=Q
72.Kg5 Qg3+ 73.Kxh5 Ke3 74.Kh6 Kxf3  0-1

[Event "Naleczow op"]
[Site "Naleczow"]
[Date "1989.??.??"]
[Round "?"]
[White "Hawelko, Marek"]
[Black "Prudnikova, Svetlana"]
[Result "1-0"]
[WhiteElo "2455"]
[BlackElo "2315"]

1.Nf3 c5 2.c4 Nf6 3.Nc3 d5 4.cxd5 Nxd5 5.d4 Nxc3 6.bxc3 g6 7.e3 Bg7 8.Bb5+ Nd7
9.O-O O-O 10.a4 Qc7 11.a5 Nf6 12.Bd3 Bf5 13.Ba3 b6 14.Qb1 Bxd3 15.Qxd3 Rfd8
16.Rab1 e5 17.Qc4 exd4 18.cxd4 Rac8 19.dxc5 Nd5 20.Rfc1 bxc5 21.Rb5 Nb4 22.h3 Nd3
23.Rcb1 Qe7 24.Rb7 Rc7 25.a6 Ne5 26.Nxe5 Bxe5 27.Rxc7 Bxc7 28.Bxc5 Qe5 29.f4 Qf5
30.Rb7 Bb8 31.Bxa7 Bxa7 32.Rxa7 h5 33.Rb7 h4 34.a7 Kg7 35.Rb8 Rd1+ 36.Kh2 Qa5
37.Qe2 Rd2 38.Qxd2 Qxd2 39.a8=Q  1-0

[Event "Naleczow op"]
[Site "Naleczow"]
[Date "1989.??.??"]
[Round "?"]
[White "Ksieski, Zbigniew"]
[Black "Hawelko, Marek"]
[Result "0-1"]
[WhiteElo "2365"]
[BlackElo "2455"]

1.Nf3 c5 2.c4 Nf6 3.Nc3 d5 4.cxd5 Nxd5 5.d4 Nxc3 6.bxc3 g6 7.e3 Bg7 8.Bb5+ Nd7
9.O-O O-O 10.a4 a6 11.Bd3 b6 12.e4 Bb7 13.Rb1 Qc7 14.Bg5 e6 15.Qd2 Bc6 16.Qa2 Qb7
17.Be7 Rfe8 18.Bxc5 Nxc5 19.dxc5 Qd7 20.Rxb6 Qxd3 21.Rxc6 Qxe4 22.Rd6 Rec8
23.Re1 Qf4 24.Qa3 Qc4 25.Ne5 Qf4 26.g3 Qf5 27.Nd7 Ra7 28.Qb4 Qc2 29.Re3 h5
30.Kg2 a5 31.Qc4 Rac7 32.Rf3 Bf8 33.Rxf7 Kxf7 34.Qxe6+ Kg7 35.Qf6+ Kg8 36.Qe6+ Kh8
37.Ne5 Qxa4 38.f3 Qc2+ 39.Kf1 Bxd6 40.cxd6 Rb8  0-1

[Event "New York op"]
[Site "New York"]
[Date "1989.??.??"]
[Round "3"]
[White "Suba, Mihai"]
[Black "Zaltsman, Vitaly F"]
[Result "1/2-1/2"]
[WhiteElo "2515"]
[BlackElo "2420"]

1.Nf3 c5 2.c4 Nf6 3.Nc3 e6 4.g3 d5 5.cxd5 Nxd5 6.Bg2 Be7 7.O-O Nc6 8.d4 O-O
9.Rb1 h6 10.e4 Nb6 11.dxc5 Qxd1 12.Rxd1 Bxc5 13.Bf4 f6 14.Rbc1 e5 15.Nd5 exf4
16.Rxc5 fxg3 17.hxg3 Bg4 18.Ne3 Be6 19.b3 Rfd8 20.Rdc1 Nb4 21.Ra5 Nc6 22.Rb5 Rd7
23.a4 Nc8 24.Nc4 N8e7 25.Kh1 Rad8 26.a5 Bg4 27.Rc5 Bxf3 28.Bxf3 Nd4 29.Bg4 Nxb3
30.Bxd7 Nxc5 31.Bh3 Nc6 32.f3 Rd4 33.Rc3 Na4 34.Rc2 Nb4 35.Rc1 Nd3 36.Rd1 Nc3
37.Ra1 Kf7 38.Ne3 Ne5 39.Bg2 Rd3 40.Nf5 Nxf3 41.Bxf3 Rxf3 42.Ra3  1/2-1/2